| 000 | 00811nam a2200217Ia 4500 | ||
|---|---|---|---|
| 003 | GCL | ||
| 008 | 140319s9999 xx 000 0 ara d | ||
| 040 |
_aGCL / _cGCL |
||
| 082 | 0 | 4 |
_a219.3 _bم ا |
| 100 | 1 | _aمحمد مصطفى بازامة | |
| 245 | 1 | 0 |
_aاثر الدين والقومية فى تاريخ الامة الاسلامية: النشاة والازدهار / _cمحمد مصطفى بازامة |
| 260 |
_a[S.N] : _bالحوار الثقافى العربى الاوروبى ، _c1994 |
||
| 300 | _a410 ص | ||
| 490 |
_aدراسات قومية _v0 |
||
| 650 | 0 | 4 | _aالاسلام |
| 650 | 0 | 4 | _aالتاريخ الاسلامى |
| 650 | 0 | 4 | _aالقومية العربية |
| 650 | 0 | 4 | _aقضايا الاصلاح السياسى |
| 650 | 0 | 4 | _aالاسلام والسياسة |
| 942 |
_2ddc _cBK |
||
| 999 |
_c55200 _d55200 |
||